| Поле | Инд. | ПП | Название | Значение |
|---|---|---|---|---|
| Тип записи | a | |||
| Библиографический уровень | b | |||
| 001 | Контрольный номер | ceb4948d702b472b8730487dc9247822 | ||
| 005 | Дата корректировки | 20220405162141.2 | ||
| 024 | 80 | a | Стандартный номер | 10.1088/1361-6471/aade3d |
| 040 | a | Служба первич. каталог. | РИНЦ | |
| 041 | 0_ | a | Код языка текста | eng |
| 097 | a | Ануфриева Г.Ю. | ||
| 100 | 1_ | a | Автор | Singh B. |
| 100 | 1_ | a | Автор | Erni W. |
| 100 | 1_ | a | Автор | Krusche B. |
| 100 | 1_ | a | Автор | - |
| 100 | 1_ | q | Полное имя | Ефремов Анатолий Васильевич |
| g | Прочие сведения | РИНЦ AuthorID: 19764 (http://elibrary.ru/author_profile.asp?id= 19764); Scopus Author ID: 7102050726 (https://www.scopus.com/authid/detail.uri?authorId=7102050726); Scopus Author ID: 56498652200 (https://www.scopus.com/authid/detail.uri?origin=resultslist&authorId=56498652200&zone=) | ||
| a | Автор | Efremov A. | ||
| u | Дополнение | Ефремов А. В.; Efremov Anatoli Vasilievich; Efremov A. V. | ||
| c | Титул (звания) | доктор физико-математических наук | ||
| i | 000091220 | |||
| 100 | 1_ | q | Полное имя | Макаров Александр Федотович |
| g | Прочие сведения | РИНЦ AuthorID: 594681 (http://elibrary.ru/author_profile.asp?id= 594681) | ||
| a | Автор | Makarov A. F. | ||
| u | Дополнение | Макаров А. Ф. | ||
| c | Титул (звания) | кандидат технических наук | ||
| i | 000091040 | |||
| k | Кафедра физико-технических систем; Инженерно-физический институт | |||
| 100 | 1_ | q | Полное имя | Малышев Олег Николаевич |
| g | Прочие сведения | РИНЦ AuthorID: 23900 (http://elibrary.ru/author_profile.asp?id=23900) Scopus Author ID: 7003334379 (https://www.scopus.com/authid/detail.uri?authorId=7003334379) | ||
| a | Автор | Malyshev O. | ||
| u | Дополнение | Малышев О. Н.; Malyshev Oleg N. | ||
| k | Кафедра ядерной физики; Факультет естественных и инженерных наук | |||
| 245 | 10 | a | Заглавие | Technical design report for the panda barrel dirc detector |
| 773 | 18 | t | Название источника | Journal of Physics G: Nuclear and Particle Physics |
| b | Сведения об издании | Institute of Physics and IOP Publishing Ltd. | ||
| c | Великобритания | |||
| d | Место и дата издания | 2019 | ||
| m | Специф. данные | входит в Scopus;входит в WoS;Входит в ядро РИНЦ;зарубежный журнал;ненулевой импакт-фактор | ||
| p | J. Phys. G-Nucl. Part. Phys. | |||
| o | Прочие индексы | wos 2.899, scopus 2.95 | ||
| x | ISSN | 0954-3899 | ||
| g | Прочая информация | V. 46. - № 4. - P. 045001 | ||
| q | Q1 | |||
| w | Контрольный № источника | ef8e195b47054011a70e823af1bdce48 | ||
| 856 | 40 | u | URL | https://www.elibrary.ru/item.asp?id=41700398 |
| 901 | t | Тип документа | b | |
| 952 | c | Вид литературы | статья в журнале |